000 00755cam a2200253 a 4500
008
020 _a1412901979( pbk.)
020 _a9781412901970 (pbk.)
049 _aMAIN
090 _aH62
_bSIL
100 1 _aSilverman, David.
245 1 0 _aDoing qualitative research :
_ba practical handbook /
_cDavid Silverman.
250 _a2nd ed.
260 _aLondon :
_bSage Publications,
_c2005.
300 _axv, 395 p. :
_bill. ;
_c25 cm.
500 _aIncludes index.
504 _aIncludes bibliographical references.
650 0 _aSocial sciences
_xResearch
_xMethodology.
907 _a.b10197229
_b28-11-12
_c29-03-06
003
005 20230123124956.0
040 _cNUST
942 _cBOOKS
_kH62
_mSIL
999 _c133522
_d133522